Największe miasta w Polsce na literę D - Statystyki

Ogólne statystyki
  • Ten quiz został rozwiązany 219 razy
  • Średni wynik to 5 z 15
Statystyki odpowiedzi
Populacja Miasto % Poprawnych
119,000 Dąbrowa Górnicza
84%
13,000 Darłowo
60%
45,000 Dębica
55%
16,000 Dęblin
44%
33,000 Dzierżoniów
42%
11,000 Drawsko Pomorskie
36%
21,000 Działdowo
33%
11,000 Dąbrowa Tarnowska
28%
13,000 Dębno
25%
5,000 Dąbrowa Białostocka
19%
10,000 Drezdenko
16%
5,000 Działoszyn
12%
10,000 Dobre Miasto
11%
6,000 Dynów
10%
6,000 Dobczyce
7%
Nie znaleziono quizów pasujących do podanych kryteriów
Rozkład punktacji
Procent ludzi z każdym wynikiem
Percentyl według liczby udzielonych odpowiedzi
Twoja historia wyników
Nie rozwiązałeś tego quizu